[Event "Corus-C"]
[Site "Wijk aan Zee"]
[Date "2005.01.25"]
[Round "9"]
[White "Alekseev, Evgeny V"]
[Black "Zhukova, Natalia"]
[Result "1/2-1/2"]
[WhiteElo "2605"]
[BlackElo "2465"]
[Annotator "Finkel,A"]
[PlyCount "83"]
[EventDate "2005.01.15"]
[EventType "tourn"]
[EventRounds "13"]
[EventCountry "NED"]
[EventCategory "7"]
[SourceTitle "CBM 105"]
[Source "ChessBase"]
[SourceDate "2005.04.11"]
[SourceVersion "1"]
[SourceVersionDate "2005.04.11"]
[SourceQuality "1"]

1. e4 e6 2. d4 d5 3. Nc3 Nf6 4. e5 Nfd7 5. f4 c5 6. Nf3 Nc6 7. Be3 cxd4 8. Nxd4
Bc5 9. Qd2 O-O 10. O-O-O a6 11. Kb1 Nxd4 (11... Bxd4 12. Bxd4 b5) 12. Bxd4 b5
13. Qe3 {Intending to develop the bishop on d3 without the trade on c5.} (13.
h4 Bb7 14. h5 b4 15. Ne2 $14 {De Firmian-Short/Manila(izt)/1990/}) 13... Qc7 (
13... b4 $5 14. Na4 Bxd4 15. Qxd4 Qa5 16. b3 Bb7 17. Be2 Bc6 18. Nb2 Bb5 $15 {
Anderson,R-Orlov,G/Reno 1992}) (13... Qb6 14. Bxc5 Nxc5 15. Bd3 $1 (15. Ne2 b4
16. g4 a5 17. Bg2 Na4 18. Qxb6 Nxb6 19. b3 Bd7 20. Rhe1 Rac8 21. Nd4 Rc5 22.
Rd2 Nc8 23. f5 Ne7 $11 {Timoshenko,G-Dizdar,G/Pula 1994}) 15... b4 16. Ne2 a5
17. Nd4 Ba6 18. f5 Nxd3 19. f6 $36 {Timoshenko,G-Kortschnoj,V/Panormo 2001}) (
13... Bxd4 14. Qxd4 Bb7 {Black is in hesitation to choose a plan. Regarding
the plan, finally chosen, correct was} (14... Qe7 15. Bd3 b4 16. Ne4 a5 17. h4
Ba6 18. Ng5 Bxd3 19. Qxd3 f5 20. exf6 gxf6 21. Nf3 $14 {Al Sayed,M-Roghani,A/
Dubai 2003}) 15. Bd3 Qe7 16. Rhe1 b4 17. Ne2 a5 18. Qe3 $1 $16 {Schmaltz,
R-Duppel,L/Leinfeld 2002}) 14. Bd3 $5 Bxd4 (14... b4 $6 15. Qh3 $1 (15. Ne2 a5
16. h4 Ba6 17. Rh3 Rfc8 18. Rg3 Bxd4 19. Nxd4 Bxd3 20. cxd3 a4 $132 {Paehtz,
E-Daly,C/Gausdal 2003}) 15... g6 16. Ne2 a5 17. Qe3 $1 Ba6 18. h4 Rfc8 (18...
Bxd3 19. cxd3 Qb6 20. h5 Bxd4 21. Nxd4 Nc5 22. Rc1 Rac8 23. Nb3 $16 {Ismailova,
A-Iskenderova,K/Baku 2001}) 19. h5 Nf8 20. hxg6 fxg6 21. g4 a4 22. Rc1 Bc4 23.
f5 b3 $132 {Kruppa,Y-Fish,G/Alushta 1994}) (14... Bb7 15. Qh3 $5 (15. Rhe1 b4
16. Ne2 Bxd4 17. Nxd4 Nc5 18. f5 Ne4 19. Bxe4 dxe4 20. Qg3 Rfe8 21. f6 $16 {
Vidarsson,J-Gunnarsson,J/Seltjarnarnes 2002}) 15... g6 16. Ne2 b4 17. Qe3 Rfc8
18. h4 Bf8 19. h5 $16 {Gurevich,V-Clery,N/Le Touquet 2001}) 15. Qxd4 Bb7 ({
An endgame arising after} 15... Qc5 {is favorable for white:} 16. Ne2 b4 17.
Rc1 (17. Qxc5 Nxc5 18. Nd4 a5 19. h4 Ba6 20. Rh3 a4 21. Re3 Rfb8 22. Rc1 b3 23.
Bxa6 bxa2+ 24. Kxa2 Rxa6 25. Rc3 Ne4 26. Rc6 Rxc6 {1/2-1/2 Kuczynski,R-Glek,I/
Linz 1990/EXT 2000 (26)}) 17... Qxd4 18. Nxd4 Nc5 19. Rhd1 Na4 20. Re1 Bd7 21.
Re3 Rfc8 22. f5 exf5 23. Bxf5 Bxf5 24. Nxf5 $14 {Khalifman,A-Gurevich,M/
Germany 2002}) 16. Ne2 (16. Qf2 $6 Nc5 17. Qh4 Ne4 $132) (16. Rhe1 Qc5 (16...
Nc5 17. Ne2 Rac8 18. Qe3 Ne4 19. Nd4 Qe7 20. Nf3 Qb4 21. Ka1 Qe7 22. Ng5 d4 23.
Qh3 Nxg5 24. fxg5 g6 25. Qg4 Rc5 $132 {Polgar,J-Luther,T/ Ohrid 2001}) 17. Ne2
b4 18. Rc1 Qxd4 19. Nxd4 Rac8 20. Re3 Rc7 21. f5 Nc5 $11 {Rabiega,R-Lamprecht,
F/Germany 2002}) 16... f6 {The drawback of this move is quite obvious: white
no longer has to worry about his pawn on e5, which is his main weakness after
f5 push. On the other hand black shouldn't worry about white's attacking
prospects on the kingside.} (16... Nc5) 17. exf6 Rxf6 18. Qe3 (18. g3 Rc8 19.
Rhf1 (19. Rhe1 e5 20. fxe5 Nxe5 $36 {[%cal Ge5f3]}) 19... Nb8 (19... Nc5 20.
Ng1 Nxd3 21. Qxd3 b4 22. Nf3 a5 23. Rfe1 $14) 20. Qe3 Nc6 21. Nd4 Qb6 22. Be2
Qc5 $13) 18... b4 19. Rhe1 Nc5 20. Nd4 Ne4 $2 {Probably considering an endgame
arising after} (20... Qxf4 $5 21. Qxf4 Rxf4 22. Nxe6 {as favorable for white,
but black has sufficient counterchances to keep the balance.} Nxd3 23. cxd3 (
23. Rxd3 Re8 24. Rdd1 Re4 25. Rxe4 dxe4 26. Nc5 Bc8 27. Kc1 e3 28. Re1 Kf7 $15)
23... Rf2 24. Rc1 Rc8 (24... Rxg2 25. Rc7 Rb8 26. Nc5 Ba8 27. Nxa6 Rf8 28. h3
$14) 25. Nc5 Rc7 26. Nxb7 Rxb7 27. Rc2 Rbf7 $11) 21. g3 $14 {Now white is just
better.} Kh8 22. Nb3 (22. Nf3 $5 {[%cal Gf3g5,Gf3e5]}) 22... Rc8 23. Bxe4 (23.
Qd4 $5 Qe7 (23... a5 $140 24. Bxe4 dxe4 25. Qc5 {[%csl Ra5]} Rf7 26. Qxc7 Rfxc7
27. Nxa5 Bd5 28. Re2 Ra8 29. Nb3 Rca7 30. Rd4 $16) 24. Bxe4 dxe4 25. Qd6 Qxd6
26. Rxd6 $14) 23... dxe4 24. Qc5 $1 {It's very important to trade the queens
since black has got too many weak pawns to protect.} h6 25. Qxc7 Rxc7 26. Nd2
$1 $16 {Thus far white's play is perfectly accurate.} (26. Rd8+ Kh7 27. Nd2 e5
$1 28. Nxe4 (28. fxe5 Rf2 29. h4 Rc5 30. e6 Re5 31. Nb3 Rxe6 32. Nc5 Re7 $132)
28... Bxe4 29. Rxe4 exf4 30. Rxf4 Rxf4 31. gxf4 Rf7 $11 32. Rd4 $140 g5 {
[%csl Rb1]}) 26... Rd7 27. Nc4 (27. Kc1 Rd4 28. Nb3 Rd5 29. c4 bxc3 30. bxc3 g5
$132) 27... Rxd1+ 28. Rxd1 a5 $5 {Very interesting defensive resourse! It was
objectively better to play} (28... Bd5 $142 29. Ne3 g5 30. f5 Kg7 31. Nxd5 exd5
32. Rxd5 e3 33. Kc1 Rc6 34. Rd3 $16) 29. Rd6 $2 {Black's creativity pays off!
For some reason white ignores the pawn on a5, even though it necessary to take
it!} (29. Nxa5 $1 Bd5 30. a3 bxa3 31. c4 Ba8 32. bxa3 (32. Rd8+ Kh7 33. Rxa8 $2
a2+ 34. Kxa2 e3 $19 {[%cal Ge3e1]}) 32... Kh7 33. Kc2 e5 34. fxe5 Ra6 35. Nb3
Rxa3 36. Kb2 $18) 29... Rf8 $1 $132 30. Kc1 g5 $1 {Black is back in the game.}
31. Ne5 (31. Nxa5 Bd5 {[%csl Ra5]} 32. Nc6 gxf4 33. gxf4 Rxf4 34. Kd2 (34. Nxb4
$2 e3 $19 {[%csl Rb4][%cal Gf4f1]}) 34... Rf2+ 35. Ke3 Rxc2 36. Nxb4 Rxb2 37.
Nxd5 exd5 38. Rxd5 $11) 31... Kg8 32. Rd7 (32. Rxe6 gxf4 33. Ng6 $2 f3 $3 34.
Nxf8 f2 35. Rf6 e3 36. Kd1 Ba6 $19) 32... gxf4 33. gxf4 Bd5 34. Ng6 Rf6 35.
Ne7+ Kf8 36. Nxd5 exd5 37. Rxd5 Rxf4 38. Rxa5 e3 39. Kd1 Rf2 40. Re5 Rd2+ 41.
Kc1 Re2 42. Kd1 1/2-1/2

[Event "New York op"]
[Site "New York"]
[Date "1998.03.21"]
[Round "8"]
[White "Fedorowicz, John P"]
[Black "Vaisser, Anatoli"]
[Result "1/2-1/2"]
[WhiteElo "2495"]
[BlackElo "2595"]
[Annotator "Finkel,A"]
[PlyCount "73"]
[EventDate "1998.03.16"]
[EventType "swiss"]
[EventRounds "9"]
[EventCountry "USA"]
[SourceTitle "CBM 064"]
[Source "ChessBase"]
[SourceDate "1998.06.02"]
[SourceVersion "1"]
[SourceVersionDate "1998.06.02"]
[SourceQuality "1"]

1. e4 e6 2. d4 d5 3. Nc3 Nf6 4. e5 Nfd7 5. f4 c5 6. Nf3 Nc6 7. Be3 a6 8. Qd2 b5
9. dxc5 (9. h4 Bb7 $1 {Anand-Dreev/Madras ct/1991/CBM22}) 9... b4 10. Na4 (10.
Ne2) (10. Nxd5 $5 exd5 11. Qxd5 Ndb8 12. Qxd8+ Kxd8 13. Nd2 {/\ Nc4-d6~/=}) (
10. Nd1 Nxc5 11. Bd3 Bb7 12. O-O $13 {Kamsky-Lautier/New York op/1991/CBM23})
10... Qa5 11. Nb6 Nxb6 (11... Rb8 $5 12. Nxd7 (12. Nxc8 Rxc8 13. Bd3 Bxc5 14.
O-O Bxe3+ 15. Qxe3 Qc5 {=/=/+}) 12... Bxd7 13. Bd3 Bxc5 14. Bxc5 Qxc5 15. Bxa6
O-O 16. Bd3 (16. Qf2 $6 Qxf2+ 17. Kxf2 f6 18. Rhe1 g5 $1 19. exf6 gxf4 20. Ne5
Nxe5 21. Rxe5 Rxf6 22. Bd3 Kf7 $15 {Ziatdinov,R-Miljanic,B/Niksic 1991 (39)})
16... f6 17. Rf1 Rf7 18. Qf2 Qxf2+ 19. Rxf2 g5 20. exf6 gxf4 21. O-O-O Rxf6 22.
Re1 $14 {Arakhamia,K-Horvath,M/Lenk op 1991 (39)}) 12. cxb6 Bc5 13. Bxc5 (13.
Qf2 $2 b3+ $1 14. c3 Qxa2 $19) 13... Qxc5 14. Qf2 (14. Bd3 Rb8 $5 15. Qf2 Qxb6
16. Qxb6 Rxb6 17. Kd2 Ke7 18. Ke3 Bd7 19. h4 h5 20. Rag1 g6 $11 {Kovacevic,
P-Vasiljevic,D/Belgrade-B 1990 (36)}) (14. O-O-O Qxb6 15. Bd3 $5 (15. h4 Bb7 $6
(15... a5 {/\ Ba6+/=}) 16. Rh3 O-O-O $6 17. Nd4 $1 $16 {Ziatdinov,R-Glek,I/
Kusadasi 1990}) 15... a5 16. Kb1 a4 17. b3 Ba6 18. f5 Bxd3 19. Qxd3 Qc5 20.
Rhe1 $36 {Hansen,M-Krause,U/OLNN 1992 (33)}) 14... Qxf2+ 15. Kxf2 Rb8 16. Ke3 (
16. a4 $6 Na5 17. Nd2 Rxb6 18. c4 bxc3 19. bxc3 Ke7 20. Bd3 Bd7 21. Rab1 Rc6
22. Rhc1 Rhc8 $15 {De Heer,M-Kiriakov,P/Dutch Open, Dieren NED 1997/1/2-1/2 
(71)}) 16... Rxb6 17. Nd4 (17. Bd3 Ke7 18. a3 Bd7 19. b3 a5 20. axb4 Rxb4 21.
Ra3 Rhb8 22. Rha1 f5 23. Ra4 Be8 $11 {1/2-1/2 Ciemniak,R-Gleizerov,E/POL-chT 
(Lubniewice) 1993}) 17... Bd7 {Another possibility was} (17... Nxd4 18. Kxd4
Bd7 19. h4 h5 20. Bd3 Ke7 21. a3 $5 Rc8 22. b3 Rc7 $11 {with equal position;
Motwani,P-Hynes,K/Blackpool zt 1990 (60)}) 18. Bd3 Ke7 19. Rhf1 (19. g4 $5 h5 (
19... Rc8 $5 20. h4 Nxd4 21. Kxd4 h6 22. h5 Bb5 $11) 20. h3 Nxd4 21. Kxd4 Bb5
22. Rag1 Bxd3 23. cxd3 hxg4 24. hxg4 Rxh1 25. Rxh1 Rc6 $132) 19... Nxd4 20.
Kxd4 Rc8 $11 21. Rf2 {White is playing rock-solid chess clearly showing the
black that he has nothing against the draw!} h5 22. b3 g6 23. g3 (23. a4 $6 a5
(23... bxa3 $6 24. Rxa3 Rb4+ 25. c4 Bc6 26. Kc3 $14) 24. Rc1 Rc7 25. Rf3 Bc8
$15 {[%cal Gc8a6,Gb6c6,Gc6c3]}) 23... Bb5 24. h3 Bxd3 25. cxd3 Rbc6 26. g4 hxg4
27. hxg4 Rh8 (27... Rc2 $6 28. Rxc2 (28. Raf1 f5 $1) 28... Rxc2 29. a3 bxa3 30.
Rxa3 Rc6 31. f5 $14) 28. a3 bxa3 29. Rxa3 Rh4 30. Rg2 Kd7 31. b4 {Intending to
exchange the pawns on the queenside.} Rb6 32. b5 $5 Rxb5 (32... axb5 $2 33.
Ra7+ Ke8 34. Rc2 $1 Rb8 35. Rcc7 Rh7 36. Re7+ Kf8 37. Rxe6 $1 $16) 33. Rxa6 $11
Rb7 (33... Rb4+ 34. Kc5 Rxf4 $4 35. Ra7+ Kc8 (35... Ke8 36. Ra8+ Kd7 37. Rga2
$18) 36. Rga2 $18) 34. Ra8 Rc7 35. Rf8 Ke7 36. Ra8 Rb7 37. Rg1 1/2-1/2

[Event "RUS-chT 12th"]
[Site "Sochi"]
[Date "2005.04.26"]
[Round "8"]
[White "Frolyanov, Dmitry"]
[Black "Volkov, Sergey"]
[Result "1/2-1/2"]
[WhiteElo "2505"]
[BlackElo "2634"]
[Annotator "Finkel,A"]
[PlyCount "134"]
[EventDate "2005.04.19"]
[EventType "team-tourn"]
[EventRounds "11"]
[EventCountry "RUS"]
[SourceTitle "EXT 2020"]
[Source "ChessBase"]
[SourceDate "2019.10.17"]
[SourceVersion "1"]
[SourceVersionDate "2019.10.17"]
[SourceQuality "1"]
[WhiteTeam "Togliatti Lada"]
[BlackTeam "Saransk TPS"]
[WhiteTeamCountry "RUS"]
[BlackTeamCountry "RUS"]

1. e4 e6 2. d4 d5 3. Nc3 Nf6 4. e5 Nfd7 5. f4 c5 6. Nf3 Nc6 7. Be3 a6 8. Qd2 b5
9. a3 g5 $5 {A very interesting move introduced to tournament practice earlier
this year by nobody else than Morozevich! It's too early to judge whether it's
strong enough to become Black's main reply in this line, but so far it proved
to be very efficient for black.} (9... Qb6) 10. dxc5 $6 {[%csl Re5] It's
pretty obvious that Black is doing great after the move in the game due to the
weakness of white pawn on e5 and comfortable piece play on the queenside.} (10.
fxg5 $6 {[%csl Re5]} cxd4 11. Bxd4 Bg7 12. O-O-O O-O 13. Na2 Nxd4 14. Nxd4 Nxe5
15. h4 Nc4 16. Bxc4 bxc4 $17 {Anand,V-Morozevich,A/Monte Carlo 2005}) (10. Nxg5
$5 cxd4 11. Bxd4 Nxd4 12. Qxd4 Bc5 13. Qd2 (13. Qd3 $6 Nxe5 {[%csl Rg5]}) 13...
Qb6 14. Nd1 f6 15. exf6 Nxf6 16. Bd3 O-O $36) 10... gxf4 11. Bxf4 Bxc5 12. a4 {
This is not a move White normally would want to play, but it's not so clear
what else could be suggested instead.} (12. b4 Ba7 13. a4 (13. Bd3 Bb7 14. Rf1
Bb8 15. Qe2 Qc7 $15) 13... bxa4 14. b5 axb5 15. Bxb5 Bb7 16. Bxa4 Bc5 $15)
12... Qa5 (12... b4 $5 13. Nd1 f6 14. exf6 Nxf6 15. Bd3 Qe7 $15) 13. Bd3 Bb7
14. Ne2 Qxd2+ 15. Kxd2 bxa4 $1 {Correctly deciding to open the position, since
he is better prepared for active piece play in the centre.} (15... b4 $6 16.
Rae1 Bb6 17. Rhf1 Nc5 18. b3 Rc8 19. Ng3 $132) 16. Rxa4 Nb6 17. Raa1 Nc4+ 18.
Kc1 (18. Bxc4 dxc4 19. Kc3 {[%csl Rc3]} Rg8 20. g3 a5 $36 {[%cal Gc6b4]}) 18...
h5 19. h4 $6 {[%csl Rg4] Giving up control over the square g4 too easily.
White could've tried} (19. b3 Ne3 20. g3 (20. Kd2 $6 Nxg2 21. Bg5 h4 22. h3 Rg8
$17 {[%cal Gg8g5,Gc5e3]}) 20... Ng4 21. Kd2 Nb4 22. Rhf1 $13 {keeping an
option to fleed black knight from g4.}) 19... Ne3 20. Kd2 Ng4 21. Rhf1 Bb6 22.
Rae1 (22. Ra3 Bc7 23. Rfa1 Kd7 $15 24. Bxa6 $140 $2 Bxa6 25. Rxa6 Ba5+ $17 {
[%csl Ra6]}) 22... d4 23. Ng3 {[%cal Gg3e4,Ge4d6]} (23. Be4 $6 Ba5+ 24. c3
O-O-O 25. Kc2 dxc3 (25... Nb4+ $6 26. cxb4 Bxe4+ 27. Kb3 Bd5+ 28. Ka4 Bc7 29.
Nexd4 $13) 26. Nxc3 Nb4+ 27. Kb1 Nd3 28. Bxd3 Rxd3 $17) 23... Ne3 24. Rf2 $6 {
Very brave decision. By playing this move white is commiting to sacrifice a
piece for just a pawn, however Black has a clear way to advantage if he
declines the sacrifice.} (24. Bxe3 $5 dxe3+ 25. Rxe3 Bxe3+ 26. Kxe3 Ke7 (26...
Nb4 $6 27. Ng5 $14 {[%csl Rf7]}) 27. c3 Rag8 $15) 24... Nd5 $1 25. Ne4 $5 (25.
Re4) 25... Nxf4 ({Much more convincing was} 25... Ba5+ 26. c3 dxc3+ 27. bxc3
Nxf4 (27... Bxc3+ 28. Nxc3 Nxf4 29. Be4 O-O-O+ 30. Ke3 Nd5+ 31. Nxd5 exd5 32.
Bf5+ $44) 28. Nd6+ Ke7 29. Nxb7 Rad8 $1 (29... Rab8 30. Ng5 $1 $13) 30. Nxd8
Rxd8 31. Re3 Nd5 $1 $17 {with enomous advantage.}) 26. Nd6+ Kd7 27. Nxb7 Rhb8
28. Ng5 (28. Nd6 Ba5+ $19) 28... Nxd3 29. Rxf7+ Ne7 30. Kxd3 Rxb7 31. Ref1 $5
Bd8 $6 {[%csl Rd4] After this move Black's advantage never seemed to be enough
for a win.} (31... Bc5 32. Ne4 Rc8 33. Rh7 Kc6 34. Rff7 Rcc7 35. Rxh5 $17) 32.
R1f4 Kc8 $6 (32... Kc6 33. Nxe6 Bb6 34. R4f6 $36) (32... Rxb2 33. Rxd4+ Ke8 34.
Rh7 Ng6 35. Nxe6 Rb6 36. Ng7+ Kf8 37. Nxh5 a5 $15) 33. Nxe6 Ng6 34. Nxd8 Rxf7 (
34... Nxf4+ $2 35. Rxf4 Rxb2 (35... Kxd8 $2 36. Rf8+ $18) 36. g4 $1 Kd7 37.
Rxd4+ Ke8 38. Ne6 Rc8 39. Ng7+ Ke7 40. Nf5+ Ke6 41. Ke4 $16) 35. Rxf7 Nxe5+ 36.
Kxd4 Nxf7 37. Nxf7 Rb8 (37... Kc7 $5) 38. Nd6+ Kd7 39. Nc4 Ke6 40. Ke4 Rf8 41.
Ne3 Rf2 42. b3 Rf8 43. Nd5 Rf2 44. Ne3 $11 (44. Nf4+ $6 Kd6 45. Nxh5 $140 $2
Rxg2 $1 (45... Rxc2 $6 46. g4 Rb2 47. Kf5 Rxb3 48. Nf6 Ke7 49. Kg6 a5 50. h5 a4
51. h6 Rh3 52. Nh5 Rf3 53. h7 Rf8 54. g5 a3 55. Nf6 Rh8 56. Nd5+ Ke6 57. Nb4
$16) 46. Kd3 Ke5 $19 {[%csl Rh5]}) 44... Rd2 45. Kf3 Rd4 46. g4 hxg4+ 47. Nxg4
Rd2 48. Ne3 Rh2 49. Ke4 Rxh4+ 50. Kd3 Ke5 51. Nc4+ Kd5 52. Kc3 Kc5 53. Ne5 Kd5
54. Nc4 Kc5 55. Ne5 Kb5 56. Nc4 Rh3+ 57. Kb2 Kb4 58. Na3 Kc5 59. Nc4 Kd4 60.
Na3 Rh8 61. Nc4 Rb8 62. Na3 Ke3 63. Nc4+ Ke2 64. Kc1 Rh8 65. Kb2 Rh3 66. Na3
Kd1 67. Kb1 Kd2 1/2-1/2

[Event "Groningen Harmonie"]
[Site "Groningen"]
[Date "2003.12.27"]
[Round "6"]
[White "Nijboer, Friso"]
[Black "Michiels, Bart"]
[Result "1-0"]
[WhiteElo "2577"]
[BlackElo "2390"]
[Annotator "Finkel,A"]
[PlyCount "167"]
[EventDate "2003.12.21"]
[EventType "tourn"]
[EventRounds "9"]
[EventCountry "NED"]
[EventCategory "10"]
[SourceTitle "CBM 099"]
[Source "ChessBase"]
[SourceDate "2004.03.30"]
[SourceVersion "1"]
[SourceVersionDate "2004.03.30"]
[SourceQuality "1"]

1. e4 {Hecht} e6 2. d4 d5 3. Nc3 Nf6 4. e5 Nfd7 5. f4 c5 6. Nf3 Nc6 7. Be3 Qb6
8. Na4 Qa5+ 9. c3 c4 10. b4 Qc7 11. Be2 Be7 (11... Ne7 12. O-O Nb8 13. Nh4 $6
Ng6 14. Nxg6 hxg6 15. Bg4 Nc6 16. Rb1 b6 $13 {Salem,G-Volkov,S/Dubai 2002}) 12.
O-O (12. a3 a5 13. O-O f5 14. h3 Nd8 15. g4 Nf8 16. Qc2 Ng6 17. g5 $2 $15 {
Ernst,T-Ulibin,M/Stockholm 1998}) 12... f6 (12... f5 13. Bf2 (13. g4 O-O 14.
gxf5 Rxf5 15. Qe1 b6 16. Bd1 Nf8 17. Bc2 Rf7 18. Nb2 Bd8 19. Kh1 Bd7 20. a4 Be8
21. Rg1 Ne7 $132 {Dominguez,L-Borges Mateos,J/Holguin City 2002}) 13... Nf8 14.
Ne1 Bd7 15. Nc5 Ng6 16. Bh5 Nd8 17. Be3 b6 18. Nxd7 Qxd7 19. Rf3 $14 {Alavkin,
A-Fakhretdinov,R/Pskov 1998}) (12... b6 13. Nb2 a5 14. b5 Nd8 15. a4 f5 16. h3
Nf7 17. g4 Nh6 18. Ne1 Nf8 19. Ng2 Bd7 20. Bf2 $14 {Moreno Carnero,J-Martinez
Martin,D/Sevilla 1999}) (12... b5 13. Nc5 Nxc5 14. bxc5 O-O 15. g4 Bd7 16. Qe1
Rab8 17. Bd2 Rb7 18. Bd1 Qb8 19. Rb1 a5 20. a3 Qa7 21. Bc2 $40 {Barthel,
A-Wippich,M/Passau 1999}) (12... O-O 13. Nb2 a5 14. b5 Nd8 15. a4 Nb6 16. Bf2
f5 17. exf6 Bxf6 18. Ne5 $14 {Nurbekoglu,M-Wippich,M/Bayern 2003}) 13. exf6 $5
{White decides to open up the center, hoping to take advantage of the knight
on a5. However the other knight is just too akwardly placed on a4, so black
faces no serious problems to equalize.} Nxf6 (13... gxf6 $2 14. f5 exf5 15. Nh4
$16) 14. Ne5 O-O 15. Qc2 b6 16. Nb2 Bd7 (16... Bb7 17. Nd1 Nxe5 18. dxe5 (18.
fxe5 Ne4 19. Nf2 Nxf2 20. Rxf2 Rxf2 21. Kxf2 Rf8+ 22. Kg1 Bc6 $11) 18... Ne4
19. Bf3 Rad8 20. a4 $14) 17. Nxd7 Qxd7 18. a4 Nd8 $1 {[%cal Gd8f7,Gf7d6,Gd6e4]
Heading for e4.} 19. Rae1 Nf7 20. Nd1 Nd6 21. Bc1 Rae8 22. g3 Nfe4 23. Bf3 a6
24. Re2 Bd8 (24... b5 25. a5 Rf6 26. Ne3 $14) 25. b5 axb5 26. axb5 Rf7 (26...
Qxb5 $5 27. Ba3 Rf7 28. Ne3 (28. Nf2 Nxf2 29. Bxd6 Nd3 $15) 28... Be7 29. Bxd6
Nxd6 30. Ng4 $44) 27. Ba3 Nxb5 (27... Qxb5 $5) 28. Bxe4 dxe4 $6 {After this
move white gets an unpleasent pressure, so it was better to play} (28... Nxa3
29. Bxh7+ Kh8 30. Qb2 (30. Qg6 $4 Rf6 31. Qh5 Rh6 $19) 30... Kxh7 31. Qxa3 g5
32. Qc1 Ref8 $132 {and black's chances are at least equal.}) 29. Bb4 Nc7 30.
Nf2 Nd5 31. Ba3 e3 32. Ng4 Bc7 (32... Bf6) 33. Nxe3 Ra8 34. Qb2 b5 (34... Qa4
35. Nxd5 exd5 36. Bb4 $14) 35. Bc5 $1 Nxe3 $6 36. Rxe3 Rf6 37. Rfe1 h6 38. Qg2
$1 $16 {Penitrating through the queenside.} Ra6 (38... Rb8 39. Ra1 Bb6 40. Bb4
(40. Ra8 Rxa8 41. Qxa8+ Qd8 42. Qxd8+ Bxd8 43. Bd6 Ba5 $11) 40... Rf5 41. Ra6
$16) 39. Qb7 Ra2 40. Bb6 Rf7 41. Bxc7 Qxc7 42. Qxb5 (42. Qxc7 $2 Rxc7 43. Rxe6
Rc2 44. R6e3 Ra7 45. R1e2 Rc1+ 46. Kf2 Ra3 $11) 42... Rxf4 43. Qe8+ (43. Rxe6
$5 Rff2 44. Re8+ Kh7 45. Qb1+ Rfc2 46. R8e2 Rab2 47. Qxb2 Rxb2 48. Rxb2 $18)
43... Kh7 44. Rxe6 Rg4 (44... Rf7 45. Rc6 Qb7 46. Qe4+ Kg8 47. Qd5 $18) 45.
R1e5 $1 $18 {[%csl Rh7][%cal Ge6h6] Transposing into an easily winning Queen v
2 rooks endgame.} Qb7 46. Rxh6+ gxh6 47. Re7+ Qxe7 48. Qxe7+ Rg7 49. Qe4+ Kh8
50. Qe6 Rb2 51. Qxh6+ Kg8 52. Qe6+ Kh8 53. Qxc4 Ra7 54. Qf1 Kg7 55. d5 Rd2 56.
c4 Raa2 57. g4 $1 Rxh2 (57... Kg6 58. h4) 58. c5 Rhd2 59. g5 Kg6 60. c6 Kxg5 (
60... Rac2 61. c7 Kxg5 62. Qe1 Kg4 63. Qxd2 $18) 61. c7 Rac2 62. Qe1 $1 {
Winning a rook by force.} Rxd5 63. Qe7+ Kf4 64. Qf6+ Rf5 65. Qd4+ Kg5 66. Qd8+
Kg6 67. c8=Q Rxc8 68. Qxc8 {Hecht: 'By Kg5 Black, with the best defence, can
only survive some 30 moves. ' Hecht: 'Mittels Kg5 kann Schwarz bei bester
Verteidigung etwa 30 Züge überleben.'} Rg5+ 69. Kf2 Rf5+ 70. Ke3 Rf6 {Hecht:
'For the next 7 moves, White just moves around aimlessly without a plan. The
logical move would have been to bring up the king by Ke4! ' Hecht: 'In den
nächsten 7 Zügen eiert Weiß ohne klaren Plan herum. Logisch war die
Königsannäherung Ke4!'} 71. Qc7 Rf5 72. Qg3+ Rg5 73. Qf4 Rf5 74. Qg4+ Kf6 75.
Qg8 Rg5 76. Qh7 Rg6 77. Qh5 {'?!' Hecht.} (77. Kf4 $1 {Hecht} Rg1 78. Qf5+ Kg7
79. Qd3 $1 {[%csl Yf1,Yg6][%cal Yd3g6,Yd3f1]} Rg6 80. Kf5 Rf6+ 81. Kg5 {
[%csl Yg6][%cal Yd3g6,Yg5g6]} Rf7 82. Qc3+ Kh7 83. Qd4 Rg7+ 84. Kf6 Kg8 85.
Qd8+ Kh7 86. Qe8 $1 $18 {[%csl Yg6][%cal Yf6g6,Ye8g6] [#] This is one of the
positions which have to be known and in which Black loses to a zugzwang. It
can also be set up again if White has the move, but in such a way that it is
Black to move. . [#] Dies ist eine der Stellungen, die man kennen muss, und in
denen Schwarz durch Zugzwang verliert, die aber auch mit Weiß am Zug mit
vertauschter Zugpflicht wieder herzustellen sind.}) 77... Kg7 78. Ke4 Rf6 79.
Qe8 Kh7 80. Qe7+ Kg6 81. Qe8+ Kh6 82. Qe7 Rg6 83. Kf5 Kh5 (83... Rg2 {Hecht}
84. Qe3+ Kg7 85. Qd4+ Kh7 {[%csl Yf2][%cal Yd4f2]} 86. Kf6 Rg7 87. Qh4+ Kg8 88.
Qh5 $1 {[%csl Yf7][%cal Yf6f7,Yh5f7]}) 84. Qf7 1-0